LIBRARY & INFORMATION CENTRE, KCAET, TAVANUR

ONLINE PUBLIC ACCESS CATALOGUE (OPAC)

Critical and Historical Essays / (Record no. 979)

MARC details
000 -LEADER
fixed length control field 00507cam a2200181ua 4500
041 ## - LANGUAGE CODE
Language code of text/sound track or separate title eng
082 ## - DEWEY DECIMAL CLASSIFICATION NUMBER
Classification number 824
Item number MAC/CR
100 ## - MAIN ENTRY--AUTHOR NAME
Personal name Macaulay, Thomas Babington .
245 ## - TITLE STATEMENT
Title Critical and Historical Essays /
260 ## - PUBLICATION, DISTRIBUTION, ETC. (IMPRINT)
Place of publication London :
Name of publisher J M Dent and Sons Ltd ,
Year of publication 1961.
300 ## - PHYSICAL DESCRIPTION
Number of Pages 669 ; .
490 0# - SERIES STATEMENT
Series statement Everyman`s library,
Volume number/sequential designation 226
942 ## - ADDED ENTRY ELEMENTS (KOHA)
Koha item type Books
Holdings
Withdrawn status Lost status Damaged status Home library Current library Date acquired Full call number Accession Number Koha item type
Withdrawn     KAUAET Malayalam University 07/04/2012 824 4563 Books
Withdrawn     KAUAET Sanskrit University 07/04/2012 824 4564 Books
free website counter